Les clubs avec le plus de joueurs présents à l'euro de foot 2024 - Statistiques

Statistiques générales
  • Ce quiz a été pris 894 fois
  • Le résultat moyen est 5 sur 6
Statistiques - réponses
Nombre de joueur Club % Correct
11 Paris Saint Germain
99%
11 FC Barcelone
98%
13 Real Madrid
97%
13 Manchester City
91%
11 Bayern Munich
89%
14 Inter Milan
71%
Aucun quiz correspondant
Distribution des résultats
% des personnes avec chaque résultat
Percentile par nombre de réponses
Votre historique - résultats
Vous n’avez pas pris ce quiz